| 000 | 00471 a2200169 4500 | ||
|---|---|---|---|
| 020 | _a0849385210 | ||
| 040 |
_aDLC _bDLC |
||
| 082 | 0 | 0 | _a005.82 |
| 100 | 1 | _aStinson, Douglas R. | |
| 245 | 1 | 0 |
_aCryptography: theory and practice _cDouglas R. Stinson. |
| 260 |
_aBoca Raton : _bCRC Press, _cc1995. |
||
| 300 |
_a434 p. ; _c24 cm. |
||
| 440 | 0 | _aDiscrete mathematics and its applications | |
| 650 | 0 | _aCoding theory. | |
| 650 | 0 | _aCryptography. | |
| 942 |
_cBK _k005.82 STI _2ddc |
||
| 999 |
_c4385 _d4385 |
||